Los Tratados de Roma en su cincuenta aniversario (Registro nro. 22426)
[ vista simple ]
| 000 -CABECERA | |
|---|---|
| Longitud fija campo de control | 01565nam a2200373 c 4500 |
| 001 - NÚMERO DE CONTROL | |
| Número de control | 22426 |
| 003 - IDENTIFICADOR DE NÚMERO DE CONTROL | |
| Identificador del número de control | ES-MaCES |
| 005 - FECHA Y HORA DE LA ÚLTIMA TRANSACCIÓN | |
| Fecha y hora de la última transacción | 20220316134610.0 |
| 008 - CAMPO FIJO DE DESCRIPCIÓN FIJA--INFORMACIÓN GENERAL | |
| Códigos de información de longitud fija | 090914s2008 sp t 000 | spa d |
| 017 ## - NÚMERO DE REGISTRO DE DERECHOS DE AUTOR Y DEPÓSITO LEGAL | |
| Número de copyright o de depósito legal | M 15826-2008 |
| Agencia que asigna el número | DL |
| 020 ## - ISBN (INTERNATIONAL STANDARD BOOK NUMBER) | |
| Número Internacional Normalizado para Libros (ISBN) | 9788497685177 |
| 035 ## - NÚMERO DE CONTROL DEL SISTEMA | |
| Número de control del sistema | CES20090009122m |
| 040 ## - FUENTE DE CATALOGACIÓN | |
| Centro catalogador de origen | ES-MaCES |
| Lengua de catalogación | spa |
| Centro transcriptor | ES-MaCES |
| 245 04 - MENCIÓN DE TÍTULO | |
| Título | Los Tratados de Roma en su cincuenta aniversario |
| Resto del título | : perspectivas desde la Asociación Española de Profesores de Derecho Internacional y Relaciones Internacionales |
| Mención de responsabilidad, etc. | Francisco Aldecoa Luzárraga ... [et al.] |
| 260 ## - PUBLICACIÓN, DISTRIBUCIÓN, ETC (PIE DE IMPRENTA) | |
| Lugar de publicación, distribución, etc. | Madrid [etc.] |
| Nombre del editor, distribuidor, etc. | Marcial Pons |
| -- | Asociación Española de Profesores de Derecho Internacional y Relaciones Internacionales (AEPDIRI) |
| Fecha de publicación, distribución, etc. | 2008 |
| 300 ## - DESCRIPCIÓN FÍSICA | |
| Extensión | 1661 p. |
| Dimensiones | 25 cm |
| 541 ## - NOTA DE LA FUENTE INMEDIANTE DE ADQUISICIÓN | |
| Forma de adquisición | Gratuito |
| 630 04 - ASIENTO SECUNDARIO DE MATERIA--TÍTULO UNIFORME | |
| Título uniforme | Tratado constitutivo de la Comunidad Económica Europea |
| Fecha de la firma de un tratado | 1957 |
| 9 (RLIN) | 32491 |
| 630 04 - ASIENTO SECUNDARIO DE MATERIA--TÍTULO UNIFORME | |
| Título uniforme | Tratado por el que se establece una Constitución para Europa |
| Fecha de la firma de un tratado | 2004 |
| 9 (RLIN) | 34058 |
| 650 #4 - ASIENTO SECUNDARIO DE MATERIA--TÉRMINO DE MATERIA | |
| Término de materia o nombre geográfico como elemento inicial | tratado |
| 9 (RLIN) | 26685 |
| 650 #4 - ASIENTO SECUNDARIO DE MATERIA--TÉRMINO DE MATERIA | |
| Término de materia o nombre geográfico como elemento inicial | política comunitaria |
| 9 (RLIN) | 30776 |
| 650 #4 - ASIENTO SECUNDARIO DE MATERIA--TÉRMINO DE MATERIA | |
| Término de materia o nombre geográfico como elemento inicial | integración económica |
| 9 (RLIN) | 27962 |
| 650 #4 - ASIENTO SECUNDARIO DE MATERIA--TÉRMINO DE MATERIA | |
| Término de materia o nombre geográfico como elemento inicial | integración política |
| 9 (RLIN) | 29381 |
| 650 #4 - ASIENTO SECUNDARIO DE MATERIA--TÉRMINO DE MATERIA | |
| Término de materia o nombre geográfico como elemento inicial | derecho internacional |
| 9 (RLIN) | 26684 |
| 650 #4 - ASIENTO SECUNDARIO DE MATERIA--TÉRMINO DE MATERIA | |
| Término de materia o nombre geográfico como elemento inicial | derecho comunitario |
| 9 (RLIN) | 29866 |
| 650 #4 - ASIENTO SECUNDARIO DE MATERIA--TÉRMINO DE MATERIA | |
| Término de materia o nombre geográfico como elemento inicial | 1957-2007 |
| 9 (RLIN) | 31963 |
| 653 10 - TÉRMINO DE INDEXACIÓN--NO CONTROLADO | |
| Término no controlado | Derecho comunitario |
| 650 #4 - ASIENTO SECUNDARIO DE MATERIA--TÉRMINO DE MATERIA | |
| 9 (RLIN) | 26752 |
| Término de materia o nombre geográfico como elemento inicial | UE |
| 700 1# - ENCABEZAMIENTO SECUNDARIO--NOMBRE PERSONAL | |
| Nombre de persona | Aldecoa Luzárraga, Francisco |
| Término indicativo de función | col. |
| 9 (RLIN) | 5867 |
| 710 2# - ENCABEZAMIENTO SECUNDARIO--NOMBRE CORPORATIVO | |
| Nombre de entidad o nombre de jurisdicción como elemento inicial | Asociación Española de Profesores de Derecho Internacional y de Relaciones Internacionales |
| Término indicativo de función | ed. |
| 9 (RLIN) | 1464 |
| 902 ## - CES. TIPO DE DOCUMENTO | |
| Tipodoc (006$c Sirtex) | LIB Libro |
| 942 ## - ELEMENTOS KOHA | |
| Fuente de clasificaión o esquema | Clasificación propia del CES |
| Koha [por defecto] tipo de item | Monografías |
| Parte de clasificación | 6.0.5. |
| Número de registro | Signatura completa | Tipo de item de Koha |
|---|---|---|
| 075012 | SR-6.0.5.-28 | Monografías |
